| 000 | 00652nam a2200241Ia 4500 | ||
|---|---|---|---|
| 008 | 170203s9999 xx 000 0 und d | ||
| 020 | _a0-785342222 | ||
| 050 | _aFic | ||
| 050 | _bAd191s | ||
| 100 | _aAdair, Amy. | ||
| 245 | _aBert / | ||
| 245 | _cwritten by Amy Adair ; illustrated by DiCicco Digital Arts. | ||
| 260 | _aLincolnwood, IL : | ||
| 260 | _bPublications International, | ||
| 260 | _c2000 | ||
| 300 | _a10 unnumbered pages : | ||
| 300 | _bcolor illustrations ; | ||
| 300 | _c24 cm | ||
| 650 | _aSound effects books -- | ||
| 650 | _aSound effects books. | ||
| 650 | _aToy and movable books. | ||
| 650 | _xSpecimens. | ||
| 999 |
_c306518 _d306518 |
||